000 02332nam1a2200373 i 4500
001 RU\NLR\bibl\1849520
005 20260407233604.0
010 _a9785893572940
035 _a(NLR Aleph) 001839923
090 _a2258007
_c2258007
100 _a20111216d2011 u y0rusy50 ca
101 0 _arus
102 _aRU
105 _a||||z |||||
200 1 _aДетский телефон доверия, работающий под единым общероссийским номером 8 800 2000 122
_eнормативные и методические материалы
_eучебное пособие для психологов и социальных педагогов
_fФонд поддержки детей, находящихся в трудной жизненной ситуации, Нац. фонд защиты детей от жестокого обращения
_g[ред.-сост. М.О. Егорова
_gнауч. ред. Д.А. Леонтьев, д.психол.н., проф., А.Н. Моховиков, к.м.н., доц.]
210 _aМосква
_cСмысл
_d2011
215 _d21
_e1 электрон. опт. диск (CD-ROM)
463 0 _10011820571
463 0 _10011820574
463 0 _10011820577
606 _aДети
_jУчебные издания
_xПравовая защита
_yРоссийская Федерация
_92075299
_3RU\NLR\auth\661250356
606 1 _aРодительство
_jУчебные издания
_xПсихологические проблемы
_92568467
_3RU\NLR\auth\661518971
606 _aДетский телефон доверия
_jУчебные издания
_92630113
_3RU\NLR\auth\661566673
686 _aХ620.32я7
686 _aЮ984.92я7
686 _aЮ949.2я7
702 1 _aЕгорова
_bМ. О.
_gМарина Оскаровна
_4220
702 1 _4340
_8rus
_7ca
_aЛеонтьев
_bД. А.
_cд-р психол. наук
_f1960-
_gДмитрий Алексеевич
_3RU\NLR\auth\7731046
_914060
712 0 2 _4570
_aФонд поддержки детей, находящихся в трудной жизненной ситуации
_cМосква
_3RU\NLR\AUTH\8810159977
_9815547
801 0 _aRU
_bNLR
_c20111216
_gRCR
801 1 _aRU
_bNLR
_c20111216
852 _aNLR
_j2011-3/31710
942 _cBOOK